000 00477nam a22001577a 4500
005 20251108164132.0
008 250721s1992 xx 000 0 ara d
082 1 4 _a301.155/محم
100 1 _aالتميمي، محمد تيسير
245 1 0 _aموضوعات في فن القيادة /
264 1 _aبيروت :
_bالمؤسسة العربية للدراسات و النشر،
_c1992.
300 _a109ص
650 1 7 _aالقيادة
942 _2ddc
_cBK
999 _c4533
_d4533